Критика экзистенциализма Бердяева

Bibliografische gegevens
Hoofdauteur: Кувакин В. А. Валерий Александрович
Samenvatting:Исключено из фонда НТБ ТПУ
Taal:Russisch
Gepubliceerd in: Москва, Изд-во Моск. ун-та, 1976
Formaat: Boek
KOHA link:https://koha.lib.tpu.ru/cgi-bin/koha/opac-detail.pl?biblionumber=19828

MARC

LEADER 00000nam0a2200000 4500
001 19828
005 20231030191845.0
035 |a (RuTPU)RU\TPU\book\19997 
035 |a BOOK00020067 
090 |a 19828 
100 |a 20011209d1976 k y0rusy50 ca 
101 0 |a rus 
102 |a RU 
105 |a y z 000zb 
200 1 |a Критика экзистенциализма Бердяева  |f В. А. Кувакин 
210 |a Москва  |c Изд-во Моск. ун-та  |d 1976 
215 |a 205 с. 
333 |a Исключено из фонда НТБ ТПУ 
700 1 |a Кувакин  |b В. А.  |g Валерий Александрович 
801 0 |a RU  |b 63413507  |c 20011209  |g PSBO 
801 2 |a RU  |b 63413507  |c 20161115  |g PSBO 
942 |c BK